|
|
|
|
| LEADER |
01133nam a2200361 4500 |
| 001 |
DLU190190705 |
| 005 |
##20190425 |
| 040 |
# |
# |
|a DLU
|b vie
|
| 041 |
# |
# |
|a vie
|
| 044 |
# |
# |
|a vn
|
| 100 |
# |
# |
|a Nguyễn Viết Hùng.
|
| 245 |
# |
# |
|a Thành phần hóa học tinh dầu của loài Quýt rừng (Atalantia guillauminii Swingle) (Rutaceae) ở Vườn quốc gia Pù Mát, Nghệ An /
|c Nguyễn Viết Hùng, ...[và những người khác].
|
| 653 |
# |
# |
|a Atalantia guillauminii
|
| 653 |
# |
# |
|a α-phellandren
|
| 653 |
# |
# |
|a β-phellandren
|
| 653 |
# |
# |
|a Pù Mát
|
| 653 |
# |
# |
|a Quýt rừng
|
| 653 |
# |
# |
|a Sabinen
|
| 653 |
# |
# |
|a Tinh dầu
|
| 653 |
# |
# |
|a Vườn quốc gia
|
| 700 |
# |
# |
|a Đỗ Ngọc Đài.
|
| 700 |
# |
# |
|a Nguyễn Anh Dũng.
|
| 700 |
# |
# |
|a Trần Huy Thái.
|
| 773 |
# |
# |
|t Tạp chí Sinh học
|g Số 1, 2016, tr. 70-74
|
| 920 |
# |
# |
|a Phòng Sau đại học -- Trung tâm Thông tin - Thư viện Trường Đại học Đà Lạt
|
| 994 |
# |
# |
|a DLU
|
| 900 |
# |
# |
|a True
|
| 911 |
# |
# |
|a Hoàng Thị Huyền
|
| 925 |
# |
# |
|a G
|
| 926 |
# |
# |
|a A
|
| 927 |
# |
# |
|a BB
|
| 980 |
# |
# |
|a Thư viện Trường Đại học Đà Lạt
|